000 00674nam a2200277Ia 4500
005 20260324144942.0
008 008 260324s9999 xx 000 0 eng d
020 _a9781003155522
037 _aEBOOK
040 _aCRL
040 _beng
040 _cCRL
041 _2eng
041 _aeng
084 _qCRL
100 _aJohn Ambler; Denis J B Shaw; Leslie Symons
_91221216
245 0 _aSoviet and East European Transport Problems
260 _bTaylor and Francis
260 _c1985
365 _a
365 _b170
856 _uhttp://www.taylorfrancis.com/books/9781003155522
942 _cEBOOK
999 _c1828474
_d1828474